000 00634nam a22002177a 4500
001 BT-PhCST
003 BT-PhCST
005 20190204172507.0
008 170407b xxu||||| |||| 00| 0 eng d
020 _a9780415584388
040 _aBT-PhCST
_cBT-PhCST
_dBT-PhCST
050 _a19806
082 _222
_a621.042
100 _aTwidell, John and Weir, Tony.
245 _aRenewable energy resources /
_cJohn Twidell and Tony Weir.
250 _a3rd ed.
260 _aNew York :
_bRoutledge,
_cc2015.
300 _axxxi, 784 p. :
_bill. ;
_c24 cm.
500 _aIncludes bibliographical references and index.
942 _2ddc
_cRENEWABLE
999 _c6732
_d6732